000 00683nab a2200241 a 4500
005 20210219161359.0
008 991125s1985 mx 000 0 spa u
035 _aUPN01000184028
100 1 _aSada, Manuel
222 _aUNO :
222 _bREVISTA DE DIDACTICA DE LAS MATEMATICAS
245 _aLos applets para la enseñanza de la estadística y probabilidad
260 _aBarcelona, España
300 _a38-48
362 0 _a2011 Año 17, no. 58, jul.-sept.
653 0 _aAPPLETS
653 0 _aPROBABILIDAD
653 0 _aESTADISTICA
653 0 _aEDUCACION SECUNDARIA
653 0 _aEDUCACION MEDIA SUPERIOR
653 0 _aSOFTWARE EDUCATIVO
905 _aArticulo
999 _c156131
_d156131